000 00527nam a2200193Ia 4500
003 OSt
005 20260309155512.0
008 210210b1955 xxu||||| |||| 00| 0 eng d
040 _cAL
041 _aHindi
082 _a864/126
100 _aSINHA (S C)
_dसिन्हा (एस सी)
_9258342
245 _aSahityanushIlan
_b साहित्यानुशीलन
260 _aDilli
_b-
_c1955
650 _aSahityanushIlan
_9258343
690 _aHindi Criticism
_9258344
906 _a023662
942 _2ddc
_cBK
999 _c148628
_d148628